| 000 | 01731nam0a2200397 4500 | ||
|---|---|---|---|
| 001 | RU\NLR\BIBL_A\010758967 | ||
| 005 | 20250614094411.0 | ||
| 010 |
_a978-5-9906439-3-2 _9500 |
||
| 021 |
_aRU _b2015-26240 _91551 |
||
| 035 | _a(NILC)RuMoRGB-007905929 | ||
| 035 | _a(NLR Aleph) 010758967 | ||
| 090 |
_a9973095 _c9973095 |
||
| 100 | _a20150519d2015 |||y0rusy50 ca | ||
| 101 | 0 | _arus | |
| 102 | _aRU | ||
| 105 | _aa|||z||||||y| | ||
| 200 | 1 |
_aСвети, и будет светло _eпрофессиологические штудии _fТ. Ф. Каратыгина |
|
| 210 |
_aМосква _cЭкон-Информ _d2015 |
||
| 215 |
_a506, [1] с., [8] л. ил., портр. _d22 |
||
| 300 | _aНа тит. л. и обл.: К 85-летию МГБИ (МГИК-МГУКИ) | ||
| 320 | _aБиблиогр.: с. 493-503 (125 назв.) | ||
| 601 | 0 | 2 |
_aМосковский государственный университет культуры и искусств _xИстория _92273062 _3RU\NLR\AUTH\661362307 |
| 606 | 1 |
_aБиблиотечные кадры _xПодготовка _92360881 _3RU\NLR\AUTH\661409811 |
|
| 606 | 1 |
_aБиблиотековеды _yСССР _9887676 _3RU\NLR\AUTH\66175 |
|
| 610 | 0 | _aМосковский государственный университет культуры и искусств | |
| 686 | 1 | _aЧ459.6 | |
| 686 | 1 | _aЧ489.54(2)7-Московский | |
| 686 | 1 | _aЧ733(2)7-8 | |
| 700 | 1 |
_aКаратыгина _bТ.Ф. _f1937-2016 _gТатьяна Федоровна _4070 |
|
| 801 | 0 |
_aRU _bРГБ _c20150406 _gRCR |
|
| 801 | 1 |
_aRU _bРГБ _c20150406 _2rusmarc |
|
| 942 | _cBOOK | ||
| 980 | _aNBR | ||
| 980 | _aNB | ||